| 000 | 00469nam a2200133Ia 4500 | ||
|---|---|---|---|
| 008 | 171212s9999 xx 000 0 und d | ||
| 020 | _a9780874214116 | ||
| 100 | _aBrady, Erika | ||
| 245 |
_cBrady, Erika _aHealing Logics _bCulture and Medicine in Modern Health Belief Systems |
||
| 260 |
_bUniversity Press of Colorado _c2001 |
||
| 650 | _aSociology | ||
| 650 | _aTraditional medicine; Healing; Medical anthropology | ||
| 856 | _uhttp://www.jstor.org/stable/j.ctt46nwrq | ||
| 999 |
_c353081 _d353081 |
||